000 01643cam a2200409 i 4500
001 usgovernmenthoww00newy
003 CaSfIA
005 20210119105408.0
007 cr||||
008 790329s1978 nyu b 001 0 eng
010 _a 79101442
040 _aDLC
_cDLC
_dMUQ
_dSTF
_dDEBSZ
_dNLE
_dCaSfIA
020 _a0553124854
020 _a9780553124859
035 _a(OCoLC)4618201
043 _an-us---
050 0 0 _aJK31
_b.U57
082 0 0 _a320.4/73
245 0 4 _aThe U.S. Government :
_h[electronic resource]
_bhow and why it works /
_cprepared by the editors of Encyclopaedia Britannica.
260 _aNew York :
_bBantam Books,
_c1978.
300 _a381 p. ;
_c18 cm.
490 0 _aBantam/Britannica books
504 _aBibliography: p. [366]
500 _aIncludes index.
651 0 _aUnited States
_xPolitics and government.
651 6 _aÉtats-Unis
_xPolitique et gouvernement.
730 0 _aEncyclopaedia Britannica.
856 4 1 _uhttp://www.archive.org/details/usgovernmenthoww00newy
_zFree eBook from the Internet Archive
856 4 2 _uhttp://www.openlibrary.org/books/OL4440146M
_zAdditional information and access via Open Library
029 1 _aNLGGC
_b790784246
029 1 _aNZ1
_b4056369
029 1 _aUNITY
_b051883082
029 1 _aUKDON
_b0553124854
942 _cEB
506 _fНеобхідна авторизація на https://archive.org/ (створення облікового запису безкоштовно)
506 _fНеобхідна авторизація на https://openlibrary.org/ (створення облікового запису безкоштовно)
999 _c561585
_d561585